000 00849nam a22002777a 4500
005 20260407160558.0
008 260407t2025 sp ||||| |||| 00| 0 spa d
020 _a978-84-1382-553-3
040 _aIste
041 _aspa
044 _asp
082 _a615.8
_bAl149
100 _aAlbornoz Cabello, Manuel
_cAutor
_eAutor
_98091
245 _aProcedimientos generales de fisioterapia:
_bpráctica basada em la evidencia
250 _a2a. ed.
260 _aBarcelona - España
_bElsevier
_c2025
300 _a379 páginas,
_bgráficos, ilustraciones, tablas.
650 _aTERMOTERAPIA
_9554
650 _aCRIOTERAPIA
_99492
650 _aHIDROTERAPIA
_9553
650 _aBALNEOTERAPIA
_99493
650 _aVIBROTERAPIA
_99494
653 _aTECNOLOGÍA Y CIENCIAS MÉDICAS
653 _aTERAPÉUTICA
942 _2udc
_cLB
_zUCat
999 _c1876
_d1876